Divided Kashmir (Record no. 1079974)

MARC details
000 -LEADER
fixed length control field 00832nam a2200289Ia 4500
003 - CONTROL NUMBER IDENTIFIER
control field OSt
005 - DATE AND TIME OF LATEST TRANSACTION
control field 20221006144526.0
008 - FIXED-LENGTH DATA ELEMENTS--GENERAL INFORMATION
fixed length control field 221006b |||||||| |||| 00| 0 eng d
020 ## - INTERNATIONAL STANDARD BOOK NUMBER
International Standard Book Number 1555875890
020 ## - INTERNATIONAL STANDARD BOOK NUMBER
International Standard Book Number 9781555875893
037 ## - SOURCE OF ACQUISITION
Terms of availability Textual
040 ## - CATALOGING SOURCE
Original cataloging agency EASL
Transcribing agency EASL
Language of cataloging eng
041 ## - LANGUAGE CODE
Source of code eng
Language code of text/sound track or separate title eng
100 ## - MAIN ENTRY--PERSONAL NAME
Personal name Rahman Mushtaqur
9 (RLIN) 652193
245 #0 - TITLE STATEMENT
Title Divided Kashmir
Remainder of title Old problems, new opportunities for India, Pakistan and the Kashmiri people
260 ## - PUBLICATION, DISTRIBUTION, ETC.
Place of publication, distribution, etc. London
Name of publisher, distributor, etc. Lynne
Date of publication, distribution, etc. 1996
300 ## - PHYSICAL DESCRIPTION
Extent 219p.
Dimensions cm.
490 ## - SERIES STATEMENT
Volume/sequential designation Gen
650 ## - SUBJECT ADDED ENTRY--TOPICAL TERM
Topical term or geographic name entry element Gen
650 ## - SUBJECT ADDED ENTRY--TOPICAL TERM
Topical term or geographic name entry element India - Foreign relations - Pakistan
942 ## - ADDED ENTRY ELEMENTS (KOHA)
Classification part V2:1944Q7.N9, N6
Koha item type Textual
Source of classification or shelving scheme Colon Classification (CC)
Holdings
Withdrawn status Lost status Source of classification or shelving scheme Damaged status Not for loan Home library Current library Date acquired Cost, normal purchase price Serial Enumeration / chronology Total Checkouts Full call number Barcode Date last seen Cost, replacement price Price effective from Koha item type
    Colon Classification (CC)     Department of East Asian Studies Library Department of East Asian Studies Library 2022-10-06 600.00 Gen   V2:1944Q7.N9 N6 EA1012384 2022-10-06 600.00 2022-10-06 Textual
Copyright @ Delhi University Library System